000 01013nam a2200193 a 4500
001 001047345
003 AM-YeHGA
005 20250617150955.0
008 141118s1974 ||| r 000 0 rus d
040 _aAM-YeHGA
041 0 _arus
245 0 0 _aСборник аспирантских работ :
_bОбщественные науки. философия. Научный коммунизм /
_cКазанский гос. ун-т им. В.И. Ульянова-Ленина; Науч. ред. М.П. Медянцева.
260 _aКазань :
_bИзд-во Казанского ун-та,
_c1974.
300 _a202 с.
653 0 _aОбщественные науки. философия. Научный коммунизм - Сборник аспирантских работ
700 1 _aМедянцева, Муза Павловна
_eред.
_4edt
710 2 _aКазанский государственный университет им. В.И. Ульянова-Ленина
090 _c343748
999 _c341957
_d341957